[Event "Battle of Senta op-B 15th"]
[Site "Senta"]
[Date "2011.07.22"]
[Round "8"]
[White "Zarkovic, Milos"]
[Black "Skrbic, Svetozar"]
[Result "1-0"]
[WhiteElo "1437"]
[BlackElo "1818"]
[PlyCount "53"]
[EventDate "2011.07.16"]
[EventType "swiss"]
[EventRounds "9"]
[EventCountry "SRB"]
[SourceTitle "EXT 2019"]
[Source "ChessBase"]
[SourceDate "2018.10.10"]
[SourceVersion "1"]
[SourceVersionDate "2018.10.10"]
[SourceQuality "1"]

1. d4 d5 2. c4 dxc4 3. e3 Nf6 4. Nc3 e6 5. Bxc4 Bc5 6. Qc2 Nc6 7. Nf3 Nd5 8. Bd2 Nb6 9. Bd3 g6 10. a3 Be7 11. b4 a6 12. h4 h5 13. Ne4 f5 14. Neg5 Bf6 15. Rd1 0-0 16. 0-0 Kg7 17. Rfe1 e5 18. dxe5 Nxe5 19. Nxe5 Bxe5 20. Bc3 Qf6 21. Bxe5 Qxe5 22. Bc4 Nxc4 23. Qxc4 c6 24. Rd8 b5 25. Qb3 Qf6 26. Red1 a5 27. R1d7+ 1-0

[Event "Battle of Senta op-B 15th"]
[Site "Senta"]
[Date "2011.07.17"]
[Round "2"]
[White "Skrbic, Svetozar"]
[Black "Aleksic, Zvonimir"]
[Result "0-1"]
[WhiteElo "1818"]
[BlackElo "1960"]
[PlyCount "62"]
[EventDate "2011.07.16"]
[EventType "swiss"]
[EventRounds "9"]
[EventCountry "SRB"]
[SourceTitle "EXT 2019"]
[Source "ChessBase"]
[SourceDate "2018.10.10"]
[SourceVersion "1"]
[SourceVersionDate "2018.10.10"]
[SourceQuality "1"]

1. d4 Nf6 2. Nf3 g6 3. Nc3 Bg7 4. e4 d6 5. h3 c6 6. b3 Qa5 7. Bd2 Qc7 8. Bd3 b5 9. b4 Bb7 10. 0-0 a6 11. Re1 e5 12. dxe5 dxe5 13. Qe2 0-0 14. Be3 Nbd7 15. a4 Nh5 16. Qd2 Rad8 17. g4 Nf4 18. Kh2 h6 19. axb5 cxb5 20. Ra5 Nb6 21. Bxb6 Qxb6 22. Re3 Rfe8 23. Kg3 Bf8 24. Nxb5 Nxd3 25. Rxd3 Rxd3 26. Qxd3 axb5 27. Rxb5 Qc7 28. Qe3 Ba8 29. c3 Qc4 30. Rxe5 Bd6 31. Qd4 Qc7 0-1